Introduction to Computing Systems: From Bits and Gates to C and Beyond. (Record no. 131)

MARC details
005 - DATE AND TIME OF LATEST TRANSACTION
control field 20250616163217.0
020 ## - INTERNATIONAL STANDARD BOOK NUMBER
International Standard Book Number 0-07-246750-9
082 ## - DEWEY DECIMAL CLASSIFICATION NUMBER
Classification number 004 PAT
100 ## - MAIN ENTRY--PERSONAL NAME
Author name PATT, Y. N.
245 ## - TITLE STATEMENT
Title Introduction to Computing Systems: From Bits and Gates to C and Beyond.
250 ## - EDITION STATEMENT
Edition statement 2nd Ed.
260 ## - PUBLICATION, DISTRIBUTION, ETC.
Place of publication, distribution, etc. Boston,
Name of publisher, distributor, etc. McGraw Hill,
Date of publication, distribution, etc. 2004.
300 ## - PHYSICAL DESCRIPTION
Extent xxiv, 632p.: ill.; figure, table,
Other physical details Index,
Dimensions 24cm.
700 ## - ADDED ENTRY--PERSONAL NAME
Other authors/Editors PATEL, S. J.
942 ## - ADDED ENTRY ELEMENTS (KOHA)
Source of classification or shelving scheme Dewey Decimal Classification
Koha item type Books
Holdings
Date last seen Total checkouts Full call number Barcode Cost, replacement price Price effective from Koha item type Lost status Source of classification or shelving scheme Damaged status Not for loan Withdrawn status Home library Current library Shelving location Date acquired Cost, normal purchase price
03/06/2025   004 PAT 000000291 126000.00 03/06/2025 Books   Dewey Decimal Classification       College of Business Education Main Library College of Business Education Main Library General Collection 03/06/2025 42000.00
03/06/2025   004 PAT 000000292 126000.00 03/06/2025 Books   Dewey Decimal Classification       College of Business Education Main Library College of Business Education Main Library General Collection 03/06/2025 42000.00
03/06/2025   004 PAT 000000293 126000.00 03/06/2025 Books   Dewey Decimal Classification       College of Business Education Main Library College of Business Education Main Library General Collection 03/06/2025 42000.00